Restaurants by Vowels Quiz Stats

Quiz not verified by Sporcle

Challenge
Share
Tweet
Embed
Score 0/20 Timer 07:00
0 Plays Today
Only the Vowels Restaurant % Correct
_ A I _ Y     _ U E E _Dairy Queen
77.7%
_ _ _ O _ A _ _ ' _McDonald's
68.9%
_ A _ O     _ E _ _Taco Bell
68%
A _ _ _ E _ E E _ ' _Applebee's
64.1%
O U _ _ A _ _     _ _ E A _ _ O U _ EOutback Steakhouse
64.1%
_ . _ . I .     _ _ I _ A _ ' _T.G.I. Friday's
59.2%
_ _ _KFC
58.3%
O _ I _ E     _ A _ _ E _Olive Garden
58.3%
_ _ I _ _ - _ I _ - AChick-fil-A
55.3%
_ U _ Y     _ U E _ _ A _Ruby Tuesday
46.6%
Only the Vowels Restaurant % Correct
_ _ E A _     '_     _ _ A _ ESteak 'n Shake
46.6%
_ O _ I _ O ' _     _ I _ _ ADomino's Pizza
44.7%
_ U _ _ A _Subway
43.7%
_ O O _ E _ _Hooters
38.8%
_ _ A _ E _     _ O _ _ Y _ O O _Planet Hollywood
22.3%
_ A _ _ A     E _ _ _ E _ _Panda Express
21.4%
_ _ A _ _ U _ _ _Starbucks
20.4%
_ U _ _ A _ O     _ I _ _     _ I _ _ _Buffalo Wild Wings
17.5%
_ A I _ _ O _ E _ _     _ A _ ERainforest Cafe
13.6%
_ U _ _ A _ U _ _ _ _ _ I _ _ _ O _ _ A _ YBubba Gump Shrimp Company
7.8%

You're not logged in!

Compare scores with friends on all Sporcle quizzes.
Join for Free
OR
Log In

You Might Also Like...

Show Comments

Extras

Top Quizzes Today


Score Distribution

Your Account Isn't Verified!

In order to create a playlist on Sporcle, you need to verify the email address you used during registration. Go to your Sporcle Settings to finish the process.

Report this User

Report this user for behavior that violates our Community Guidelines.

Details: